[Event "Ch France (team) (2) 1998/99"]
[Site "masterchessopen.com - France"]
[Round "4"]
[White "Levacic Damir (FRA)"]
[Black "Dunis Aurelien (FRA)"]
[Result "1-0"]
[WhiteElo "2295"]
[BlackElo "2185"]

1.d4 Nf6 2.Nf3 e6 3.c4 c5 4.d5 exd5 5.cxd5 g6 6.Nc3 d6 7.g3 Bg7 8.Bg2 O-O
9.O-O a6 10.a4 Qc7 11.Bf4 Nbd7 12.Qd2 Re8 13.Rfc1 Rb8 14.Rab1 b5 15.axb5 Ne4
16.Nxe4 Rxe4 17.Ng5 Rd4 18.Qe3 Nf8 19.Ne4 Rxd5 20.Nxc5 Rxc5 21.Rxc5 Qxc5
22.Qxc5 dxc5 23.Bxb8 axb5 24.Bd6 Ne6 25.Ra1 Bf8 26.Be5 Bg7 27.Bd6 Bf8 28.Bxf8
Nxf8 29.Bc6 b4 30.Rc1 Ba6 31.e3 {#r} 1-0

[Event "Ch Hungary (KO-system) (final)"]
[Site "masterchessopen.com - Hungary"]
[Round "0"]
[White "Ruck Robert (HUN)"]
[Black "Lengyel Bela (HUN)"]
[Result "1-0"]
[WhiteElo "2485"]
[BlackElo "2385"]

1.d4 Nf6 2.c4 e6 3.g3 c5 4.d5 exd5 5.cxd5 d6 6.Nc3 g6 7.Bg2 Bg7 8.Nf3 O-O
9.O-O a6 10.a4 Nbd7 11.Bf4 Qe7 12.h3 Re8 13.e4 Nh5 14.Bg5 Qf8 15.Re1 Ne5
16.Nxe5 Bxe5 17.Qd2 Bg7 18.a5 Rb8 19.Na4 Nf6 20.e5 Rxe5 21.Rxe5 dxe5 22.d6 Nd7
23.Rc1 e4 24.Nxc5 Qe8 25.Nxe4 Qe5 26.b4 Nf8 27.d7 Nxd7 28.Bf4 {#r} 1-0

[Event "Ch France"]
[Site "masterchessopen.com - Meribel (France)"]
[Round "9"]
[White "Kouatly Bachar (FRA)"]
[Black "Bauer Christian (FRA)"]
[Result "0-1"]
[WhiteElo "2453"]
[BlackElo "2490"]

1.d4 Nf6 2.c4 e6 3.g3 c5 4.d5 exd5 5.cxd5 d6 6.Bg2 g6 7.Nc3 Bg7 8.Nf3 O-O
9.Nd2 b6 10.O-O Ne8 11.a4 Na6 12.Nc4 Nac7 13.Re1 Ba6 14.Qb3 Rb8 15.Nb5 Bxb5
16.axb5 Rb7 17.e4 Qd7 18.e5 dxe5 19.d6 Nxb5 20.Bg5 Nexd6 21.Nxd6 Nxd6 22.Bxb7
Qxb7 23.Red1 Nf5 24.Qd5 Qb8 25.Bd8 e4 26.Qd7 Bd4 27.Bg5 Nxg3 28.Rxd4 Ne2+
29.Kg2 Nxd4 30.Rxa7 Nf3 {#R} 0-1

[Event "Cup Russia"]
[Site "masterchessopen.com - Nizhnij Novgorod (Russia)"]
[Round "2"]
[White "Volkov Sergey Viktorovich (RUS)"]
[Black "Osokin Alexei (RUS)"]
[Result "1-0"]
[WhiteElo "2605"]
[BlackElo "2350"]

1.d4 e6 2.c4 Nf6 3.Nc3 c5 4.d5 exd5 5.cxd5 d6 6.g3 g6 7.Bg2 Bg7 8.Nf3 O-O
9.O-O Re8 10.Bf4 Nh5 11.Bg5 f6 12.Bd2 f5 13.Qc1 Nd7 14.Ng5 Nf8 15.e4 Rb8
16.Re1 Nf6 17.a4 a6 18.a5 b5 19.axb6 Qxb6 20.Na4 Qd8 21.e5 dxe5 22.Nxc5 h6
23.Nge6 Nxe6 24.dxe6 Qb6 25.Bxh6 Qxb2 26.Qg5 Kh7 27.Nd3 Bxh6 28.Qxf6 Qb5
29.Rac1 Bxc1 30.Rxc1 Rb7 31.Bc6 {#r} 1-0

[Event "It (open)"]
[Site "masterchessopen.com - Pardubice (Czech Republic)"]
[Round "7"]
[White "Listratov Yaroslav (RUS)"]
[Black "Geveke Michael (GER)"]
[Result "1-0"]
[WhiteElo "2240"]
[BlackElo "2315"]

1.d4 Nf6 2.c4 c5 3.d5 e6 4.Nc3 exd5 5.cxd5 d6 6.g3 g6 7.Bg2 Bg7 8.Nf3 O-O
9.O-O Na6 10.Nd2 Nc7 11.a4 b6 12.h3 Ba6 13.Re1 Nd7 14.Nf3 Re8 15.e4 c4 16.Bg5
f6 17.Be3 Nc5 18.Nd4 Nd3 19.Re2 Qd7 20.Qd2 Nc5 21.Qc2 Nb3 22.Rd1 Nxd4 23.Bxd4
b5 24.axb5 Nxb5 25.Nxb5 Bxb5 26.Qc3 Kf7 27.g4 Rab8 28.g5 Ba4 29.Ra1 a6 30.gxf6
Bh6 31.e5 dxe5 32.Bxe5 Rb6 33.d6 Kf8 34.Rae1 Bc6 35.Qxc4 Bxg2 36.Kxg2 Rc8
37.Qh4 {#r} 1-0

[Event "It \"]
[Site "masterchessopen.com - Philadelphia (USA)"]
[Round "2"]
[White "Goldin Alexander (USA)"]
[Black "Villegas-Rodriguez Luis (USA)"]
[Result "1-0"]
[WhiteElo "2570"]
[BlackElo "2281"]

1.d4 c5 2.d5 Nf6 3.c4 e6 4.Nc3 exd5 5.cxd5 g6 6.g3 Bg7 7.Bg2 d6 8.Nf3 O-O
9.O-O Re8 10.Nd2 a6 11.a4 b6 12.Nc4 Bb7 13.Qb3 Ra7 14.Nxb6 Nbd7 15.Nc4 Ne5
16.Nxe5 Rxe5 17.Bf4 Re8 18.e4 Ba8 19.Qc4 h5 20.h3 Qb8 21.Rab1 Nd7 22.Rfc1 Rb7
23.Qxa6 Rb6 24.Qe2 Bxc3 25.Rxc3 Bxd5 26.Qd3 Bb3 27.a5 c4 28.Qd4 Ra6 29.Bh6 Ne5
30.f4 Kh7 31.fxe5 Kxh6 32.exd6 Qxd6 33.Qxd6 Rxd6 34.Ra1 Ra6 35.Bf1 Rxe4
36.Rxb3 {#r} 1-0

[Event "Ch Romania (w)"]
[Site "masterchessopen.com - Romania"]
[Round "7"]
[White "Ciobanu Camelia (ROM)"]
[Black "Jicman Ligia-Letitia (ROM)"]
[Result "0-1"]
[WhiteElo "2145"]
[BlackElo "2215"]

1.d4 Nf6 2.c4 e6 3.Nf3 c5 4.d5 exd5 5.cxd5 d6 6.Nc3 g6 7.g3 Bg7 8.Bg2 O-O
9.O-O a6 10.a4 Nbd7 11.h3 Nh5 12.e4 Ne5 13.Nxe5 Bxe5 14.Kh2 f5 15.f4 Bxc3
16.bxc3 fxe4 17.Bxe4 Re8 18.Bd3 Nf6 19.Qf3 Qe7 20.Bb2 Qe3 21.c4 Kf7 22.g4 Bd7
23.a5 Rab8 24.Qd1 b5 25.Rf3 Qe7 26.Qc2 bxc4 27.Bxc4 Qe4 28.Rc3 Bb5 29.Bxb5
Rxb5 30.Rf1 Nxd5 31.f5 g5 {#R} 0-1

[Event "It (open)"]
[Site "masterchessopen.com - Roskilde (Denmark)"]
[Round "9"]
[White "Van Parreren Hanneke (NED)"]
[Black "Nielsen Henning (DEN)"]
[Result "1-0"]
[WhiteElo "2105"]
[BlackElo "2113"]

1.d4 Nf6 2.c4 e6 3.g3 c5 4.d5 exd5 5.cxd5 d6 6.Nc3 g6 7.Bg2 Bg7 8.Nf3 O-O
9.O-O Na6 10.Nd2 Rb8 11.a4 Nb4 12.Nc4 b6 13.Nxd6 Nbxd5 14.Nxd5 Qxd6 15.Bf4 Qd8
16.Nxf6+ Qxf6 17.Bxb8 Rd8 18.Qc1 Ba6 19.Bf4 Rd4 20.Rd1 Bxe2 21.Rxd4 Qxd4
22.Qd2 Qxd2 23.Bxd2 Bxb2 24.Re1 Bc4 25.Bh6 f5 26.Re7 a6 27.Rb7 b5 28.axb5 axb5
29.Bf1 Bxf1 {#r} 1-0

[Event "It (open)"]
[Site "masterchessopen.com - Sas Van Gent (Netherlands)"]
[Round "1"]
[White "Kalisvaart Peter (NED)"]
[Black "Ballo Emanuel (GER)"]
[Result "0-1"]
[WhiteElo "2103"]
[BlackElo "2200"]

1.d4 Nf6 2.c4 e6 3.g3 c5 4.d5 exd5 5.cxd5 d6 6.Nc3 g6 7.Nf3 Bg7 8.Bg2 O-O
9.O-O Re8 10.Nd2 b6 11.Nc4 Ba6 12.Qb3 Bxc4 13.Qxc4 a6 14.a4 b5 15.Qd3 c4
16.Qc2 b4 17.Nd1 Qc7 18.Ne3 Rc8 19.b3 cxb3 20.Qxc7 Rxc7 21.Rb1 a5 22.Rxb3 Nbd7
23.Rb1 Nb6 {#R} 0-1

[Event "It (open)"]
[Site "masterchessopen.com - Schaan (Liechtenstein)"]
[Round "7"]
[White "Blocher Joachim (AUT)"]
[Black "Goris Ton (NED)"]
[Result "1-0"]
[WhiteElo "2073"]
[BlackElo "1993"]

1.d4 e6 2.c4 Nf6 3.g3 c5 4.d5 exd5 5.cxd5 d6 6.Bg2 g6 7.Nc3 Bg7 8.Nf3 O-O
9.O-O a6 10.e4 Re8 11.Re1 b5 12.e5 dxe5 13.Nxe5 Ra7 14.Bf4 Bb7 15.Nc6 Nxc6
16.dxc6 Bc8 17.c7 Qd7 18.Qxd7 Bxd7 19.Rxe8+ Nxe8 20.Re1 Nxc7 21.Re7 Ne6 22.Bb8
Bf6 23.Rxe6 Bxe6 24.Bxa7 b4 25.Nd5 Bd4 26.Nxb4 Bxf2+ 27.Kxf2 cxb4 28.a3 bxa3
29.bxa3 Bc4 30.Bf1 {#r} 1-0

[Event "Ch Russia"]
[Site "masterchessopen.com - St. Petersburg (Russia)"]
[Round "5"]
[White "Burmakin Vladimir (RUS)"]
[Black "Pigusov Evgeny (RUS)"]
[Result "0-1"]
[WhiteElo "2560"]
[BlackElo "2605"]

1.d4 Nf6 2.c4 e6 3.Nf3 c5 4.d5 exd5 5.cxd5 d6 6.Nc3 g6 7.g3 Bg7 8.Bg2 O-O
9.O-O Re8 10.Nd2 b6 11.a4 Ba6 12.Nb5 Nbd7 13.Re1 Bxb5 14.axb5 Qc7 15.Qb3 Ne5
16.Ra4 Nfd7 17.h3 c4 18.Qd1 Nc5 19.Ra3 Nb7 20.Ne4 Nc5 21.Nd2 Nb7 22.Kf1 Na5
23.Qc2 Rac8 24.Ne4 Nb3 25.Bd2 f5 26.Nc3 Qd7 27.Rd1 Rc7 28.Be1 Kh8 29.f4 Nf7
30.Bf2 Nh6 31.Ra4 Ng8 32.Rb4 Nf6 33.Nb1 Qc8 34.Na3 Ne4 35.Bxe4 Rxe4 {#R} 0-1

[Event "It (open)"]
[Site "masterchessopen.com - St. Veit (Austria)"]
[Round "9"]
[White "Ruck Robert (HUN)"]
[Black "Pape Manfred (GER)"]
[Result "1-0"]
[WhiteElo "2485"]
[BlackElo "2243"]

1.d4 Nf6 2.c4 e6 3.g3 c5 4.d5 exd5 5.cxd5 d6 6.Nc3 g6 7.Bg2 Bg7 8.Nf3 O-O
9.O-O Re8 10.Bf4 a6 11.a4 b6 12.Re1 Ra7 13.e4 Ng4 14.Qd2 Ne5 15.Nxe5 dxe5
16.Be3 Bf8 17.f4 f6 18.fxe5 Rxe5 19.Qf2 Bd6 20.a5 bxa5 21.Bxc5 Rb7 22.Bxd6
Qxd6 23.Rxa5 Nd7 24.Bh3 f5 25.Rea1 Rc7 26.exf5 Nc5 27.Rf1 Bxf5 28.Bxf5 Rxf5
29.Qe3 Re5 30.Qf4 Rb7 31.Qc4 Rc7 32.Qf4 Rb7 33.Kh1 g5 34.Qf3 Kg7 35.Rxc5 {#r}
1-0

[Event "It (open)"]
[Site "masterchessopen.com - Villa Ballester (Argentina)"]
[Round "4"]
[White "Slipak Sergio (ARG)"]
[Black "Maciel Jacinto (ARG)"]
[Result "1-0"]
[WhiteElo "2500"]
[BlackElo "2043"]

1.d4 Nf6 2.Nf3 e6 3.c4 c5 4.d5 exd5 5.cxd5 d6 6.Nc3 g6 7.g3 Bg7 8.Bg2 O-O
9.O-O Bd7 10.Bf4 Qc7 11.Rc1 Nh5 12.Be3 b5 13.b4 c4 14.Nd4 a6 15.a4 Qb7 16.a5
Bc8 17.Nc6 Qd7 18.Bd4 Bb7 19.Bxg7 Nxg7 20.Nd4 Nf5 21.Ne4 Qe7 22.Nxf5 gxf5
23.Nc3 Nd7 24.Bh3 f4 25.gxf4 f5 26.e4 Nf6 27.Bxf5 Kh8 28.Qd4 Bc8 29.Bxc8 Raxc8
30.Kh1 Rce8 31.Rg1 Rg8 32.Rg3 Rxg3 33.hxg3 Qf7 34.Kg2 Kg8 35.e5 {#r} 1-0

[Event "It (cat.11)"]
[Site "masterchessopen.com - Wijk aan Zee (Netherlands)"]
[Round "4"]
[White "Blees Albert (NED)"]
[Black "Kasimdzhanov Rustam (UZB)"]
[Result "0-1"]
[WhiteElo "2430"]
[BlackElo "2570"]

1.d4 g6 2.c4 Bg7 3.Nf3 c5 4.d5 Nf6 5.Nc3 O-O 6.g3 e6 7.Bg2 exd5 8.cxd5 d6
9.O-O Bg4 10.Nd2 Qd7 11.f3 Bh3 12.Bxh3 Qxh3 13.Nc4 Rd8 14.Qb3 Qd7 15.Bf4 Ne8
16.Nb5 Na6 17.Ncxd6 g5 18.Nxe8 Rxe8 19.Bxg5 Rxe2 20.Qc4 Rxb2 21.Rab1 Rxb1
22.Rxb1 Qf5 23.Qc1 Qxd5 24.Qe3 Qc6 25.Qf4 Qg6 26.Rd1 h6 27.Bh4 Nb4 28.Rd2 Nd3
29.Qc4 Ne5 30.Qe2 Qc6 31.Kg2 Nxf3 32.Qxf3 Qxb5 33.Re2 Re8 34.Rf2 Qd7 35.Bf6
Bxf6 36.Qxf6 Qd5+ {#R} 0-1

[Event "It (open)"]
[Site "masterchessopen.com - Zalakaros (Hungary)"]
[Round "0"]
[White "Kincs Imre (HUN)"]
[Black "Parkanyi Attila (HUN)"]
[Result "1-0"]
[WhiteElo "2179"]
[BlackElo "2395"]

1.d4 Nf6 2.c4 e6 3.Nc3 c5 4.d5 exd5 5.cxd5 d6 6.g3 g6 7.Bg2 Bg7 8.Nf3 O-O
9.Bf4 a6 10.a4 Bg4 11.Nd2 Nh5 12.Be3 Bc8 13.Nc4 f5 14.a5 b5 15.axb6 Bb7 16.Bf3
Nf6 17.Bf4 Ne8 18.Qd2 Bf6 19.h4 Be7 20.Na5 Qxb6 21.Na4 Qc7 22.Rc1 Nd7 23.b4
Bd8 24.O-O Rc8 25.Rc2 Ba8 26.Rfc1 Qb8 27.Nxc5 Nxc5 28.bxc5 Qb5 29.Nc6 Bxc6
30.dxc6 dxc5 31.Qd7 Ra8 32.Rxc5 {#r} 1-0

[Event "Ch Azerbaijan"]
[Site "masterchessopen.com - Baku (Azerbaijan)"]
[Round "2"]
[White "Mamedyarov Shakhriyar (AZE)"]
[Black "Guseinov Elmir (AZE)"]
[Result "0-1"]
[WhiteElo "2201"]
[BlackElo "2301"]

1.d4 g6 2.Nf3 Bg7 3.c4 Nf6 4.Nc3 O-O 5.g3 c5 6.d5 e6 7.Bg2 exd5 8.cxd5 d6
9.O-O Na6 10.h3 Nc7 11.a4 Re8 12.Re1 Ne4 13.Nxe4 Rxe4 14.Nd2 Re8 15.Nc4 b5
16.axb5 Nxb5 17.e4 f5 18.h4 fxe4 19.Bxe4 Nd4 20.Bf4 Bf8 21.Qd3 Qf6 22.Nb6 Rb8
23.Nxc8 Rexc8 24.Rxa7 Rxb2 25.h5 Re8 26.hxg6 hxg6 27.Kg2 Bh6 28.Bxg6 Rxe1
29.Rf7 Qxf4 30.gxf4 Rbb1 31.Qxb1 Rxb1 32.Rh7 Rb2 33.Rxh6 Kg7 34.Rh7+ Kxg6
35.Re7 Nf5 36.Re6+ Kf7 37.Kf3 Nd4+ {#R} 0-1

[Event "It (cat.8)"]
[Site "masterchessopen.com - Bucharest (Romania)"]
[Round "2"]
[White "Mateuta Gabriel (ROM)"]
[Black "Ionescu Constantin (ROM)"]
[Result "1-0"]
[WhiteElo "2398"]
[BlackElo "2434"]

1.d4 Nf6 2.Nf3 e6 3.c4 c5 4.d5 d6 5.Nc3 exd5 6.cxd5 g6 7.g3 Bg7 8.Bg2 O-O
9.O-O Na6 10.Nd2 Nc7 11.a4 b6 12.Nc4 Ba6 13.Na3 Qd7 14.Qb3 Rfb8 15.Bf4 b5
16.axb5 Bxb5 17.Qc2 Ba6 18.Rfe1 Rb4 19.e4 Rab8 20.Ra2 Ng4 21.Bh3 h5 22.Nd1 Qe7
23.Bxg4 hxg4 24.Bd2 Rd4 25.Bc3 Bd3 26.Qd2 Rxe4 27.Ne3 Bxc3 28.bxc3 c4 29.Rea1
Qe5 30.Nac2 Nb5 31.Rb2 Bxc2 32.Qxc2 Qe8 33.Ra5 Rb7 34.Qd2 Qc8 35.Raxb5 {#r}
1-0

[Event "It (open)"]
[Site "masterchessopen.com - Chania (Greece)"]
[Round "5"]
[White "Mastrovasilis Athanasios (GRE)"]
[Black "Bogdanov Emil (FRA)"]
[Result "1-0"]
[WhiteElo "2345"]
[BlackElo "2257"]

1.d4 Nf6 2.c4 e6 3.g3 c5 4.d5 d6 5.Nc3 exd5 6.cxd5 g6 7.Bg2 Bg7 8.Nf3 O-O
9.O-O Re8 10.Nd2 Na6 11.Nc4 Nc7 12.Bf4 Bf8 13.a4 b6 14.Re1 Ba6 15.Qb3 Bxc4
16.Qxc4 a6 17.b4 Rb8 18.bxc5 bxc5 19.Rab1 Qe7 20.Bh3 Nd7 21.Bxd7 Qxd7 22.Ne4
Qf5 23.Nxd6 Qxb1 24.Rxb1 Rxb1+ 25.Kg2 Rd8 26.Nxf7 Rb4 27.Qa2 Kxf7 28.Bxc7 Rd7
29.d6+ Kf6 30.Qd5 c4 31.Qf3+ {#r} 1-0

[Event "Ch Provincial (1/2 final)"]
[Site "masterchessopen.com - Cuba"]
[Round "0"]
[White "Li Manuel (CUB)"]
[Black "Morales Pedro (CUB)"]
[Result "1-0"]
[WhiteElo "2308"]
[BlackElo "2173"]

1.d4 Nf6 2.g3 c5 3.d5 e6 4.c4 exd5 5.cxd5 d6 6.Nc3 g6 7.Bg2 Bg7 8.Nf3 O-O
9.O-O Re8 10.Bf4 a6 11.a4 Qc7 12.Rc1 Nh5 13.Bg5 Qb6 14.Nd2 h6 15.Nc4 Qc7
16.Bd2 f5 17.e4 Bd7 18.a5 Nf6 19.Re1 fxe4 20.Nxe4 Nxe4 21.Bxe4 Rxe4 22.Rxe4
Bf5 23.Re8+ Kf7 24.Qe2 Be5 {#r} 1-0

[Event "It (open)"]
[Site "masterchessopen.com - Gent (Belgium)"]
[Round "7"]
[White "Abolianin Arthur (BEL)"]
[Black "Lammens Tim (NED)"]
[Result "0-1"]
[WhiteElo "2252"]
[BlackElo "2302"]

1.d4 Nf6 2.c4 c5 3.d5 e6 4.Nc3 exd5 5.cxd5 d6 6.Nf3 g6 7.g3 Bg7 8.Bg2 O-O
9.O-O Re8 10.Nd2 Na6 11.Nc4 Nc7 12.Bf4 Bf8 13.a4 b6 14.Re1 Ba6 15.Na3 Ng4
16.Qd2 Bg7 17.h3 Ne5 18.Rad1 f5 19.Qc2 Qf6 20.e4 Rad8 21.Ncb5 Bxb5 22.axb5 Nf7
23.Bc1 fxe4 24.h4 e3 25.f4 Nh6 26.Bh3 Nf5 27.Bxf5 Qxf5 28.Qg2 Bd4 29.Nc2 e2+
30.Rxd4 cxd4 31.Nxd4 Qxd5 32.Nf3 Nxb5 33.f5 Nd4 34.Nxd4 Qxd4+ 35.Kh2 Qe4
36.Qf2 Qxf5 37.Qd4 Re4 38.Qc3 Rf8 {#R} 0-1

[Event "Ch Germany (juniors) (under 20)"]
[Site "masterchessopen.com - Hamburg (Germany)"]
[Round "3"]
[White "Knop Hauke (GER)"]
[Black "Haucke Alexander (GER)"]
[Result "1-0"]
[WhiteElo "1949"]
[BlackElo "2173"]

1.d4 Nf6 2.c4 c5 3.d5 e6 4.Nc3 exd5 5.cxd5 d6 6.g3 g6 7.Bg2 Bg7 8.Nf3 O-O
9.O-O Na6 10.Nd2 Rb8 11.a4 Nc7 12.Nc4 Nfe8 13.Qc2 b6 14.Rd1 Ba6 15.Bf4 f5
16.h4 Qe7 17.Re1 b5 18.Na5 Qf7 19.Nc6 b4 20.Nxb8 bxc3 21.bxc3 Bc8 22.Rac1 Nxd5
23.Nc6 Nxf4 24.gxf4 Nf6 25.Red1 Ne4 26.Bxe4 fxe4 27.Qxe4 Re8 28.Qd5 Be6
29.Qxd6 Bf8 30.Qe5 Bb3 31.Qg5 Bxd1 32.Rxd1 Rxe2 33.Ne5 Qe6 34.Rd8 Re1+ 35.Kg2
Qb6 36.Rxf8+ Kg7 37.Qe7+ Kh6 38.Ng4+ {#r} 1-0

[Event "It (open)"]
[Site "masterchessopen.com - Hassloch (Germany)"]
[Round "1"]
[White "Feibert Fred (GER)"]
[Black "Schmitt Michael (GER)"]
[Result "1-0"]
[WhiteElo "2299"]
[BlackElo "2158"]

1.d4 Nf6 2.Nf3 c5 3.d5 e6 4.c4 exd5 5.cxd5 d6 6.Nc3 g6 7.g3 Bg7 8.Bg2 O-O
9.O-O Re8 10.Bf4 a6 11.a4 Qc7 12.Nd2 Nh5 13.Be3 Nd7 14.Nc4 Ne5 15.Nxe5 Rxe5
16.Qd2 Bd7 17.Bh6 Bh8 18.e4 f5 19.f4 Ree8 20.e5 dxe5 21.d6 Qb8 22.Bd5+ Re6
23.Bxe6+ Bxe6 24.Nd5 e4 25.Nc7 Bd4+ 26.Kg2 e3 27.Qe2 Bf7 28.Ra3 Nf6 29.Rxe3
Bxe3 30.Qxe3 Ng4 31.Qe7 Nxh6 32.Nxa8 Qxa8 33.d7 Bd5+ 34.Kg1 Nf7 35.Qe8+ {#r}
1-0

[Event "Ch Czech Republic (open)"]
[Site "masterchessopen.com - Plzen (Czech Republic)"]
[Round "0"]
[White "Pinc Miroslav (CZE)"]
[Black "Klatil Karel (CZE)"]
[Result "1-0"]
[WhiteElo "2140"]
[BlackElo "2088"]

1.Nf3 Nf6 2.d4 c5 3.d5 e6 4.c4 exd5 5.cxd5 d6 6.Nc3 g6 7.g3 Bg7 8.Bg2 O-O
9.O-O Re8 10.Nd2 a6 11.a4 b6 12.Nc4 Ng4 13.Qb3 Ne5 14.Nxb6 Ra7 15.a5 Nbd7
16.Ne4 Nxb6 17.axb6 Rb7 18.Rxa6 h6 19.Bd2 Rb8 20.b7 Rxb7 21.Qa4 Bd7 22.Qa1
Rxb2 23.Bc3 Rb3 24.Nxd6 Rxc3 25.Qxc3 Bg4 26.Qa3 Bxe2 27.Nxe8 Bxa6 28.Qxa6 Qxe8
29.Rd1 Qb8 30.d6 Qb3 31.Qa8+ Kh7 32.Qd5 Qxd5 33.Bxd5 f5 34.f4 Ng4 35.d7 Bf6
36.Bf3 Bd8 37.Bxg4 fxg4 38.Re1 {#r} 1-0

[Event "It (open)"]
[Site "masterchessopen.com - Presov (Slovakia)"]
[Round "9"]
[White "Kutsyk Ivan (UKR)"]
[Black "Ruzicka Petr (CZE)"]
[Result "1-0"]
[WhiteElo "2275"]
[BlackElo "2258"]

1.d4 e6 2.c4 c5 3.d5 exd5 4.cxd5 d6 5.Nc3 Nf6 6.g3 g6 7.Bg2 Bg7 8.Nf3 O-O
9.O-O Re8 10.Bf4 Nh5 11.Bg5 Qa5 12.Bd2 a6 13.a4 Qc7 14.Rc1 Nd7 15.b4 b6 16.Re1
Qd8 17.Qb3 Rb8 18.e4 Rb7 19.Bf1 Rc7 20.Nb1 Qe7 21.Na3 Ne5 22.Nxe5 Bxe5 23.Nc4
cxb4 24.Bxb4 b5 25.axb5 axb5 26.Nxe5 Rxc1 27.Nxg6 hxg6 28.Rxc1 Bd7 29.Re1 {#r}
1-0

[Event "Memorial M.Chigorin (open)"]
[Site "masterchessopen.com - St. Petersburg (Russia)"]
[Round "5"]
[White "Sherbakov Ruslan (RUS)"]
[Black "Simantsev Mikhail (UKR)"]
[Result "1-0"]
[WhiteElo "2541"]
[BlackElo "2409"]

1.d4 Nf6 2.c4 c5 3.d5 e6 4.Nc3 exd5 5.cxd5 d6 6.g3 g6 7.Bg2 Bg7 8.Nf3 O-O
9.O-O Na6 10.Nd2 Nc7 11.Nc4 Nh5 12.a4 b6 13.Qc2 Ba6 14.b3 f5 15.Bb2 Qe7 16.e3
Rae8 17.Rfe1 Nf6 18.Rad1 Ne4 19.Nxe4 fxe4 20.Bxg7 Kxg7 21.b4 Kg8 22.b5 Bc8
23.h3 h5 24.Rd2 Bf5 25.Kh2 Rf7 26.Qd1 Ref8 27.Qe2 Bc8 28.Kg1 Rf5 29.Qd1 Bb7
30.Bxe4 Qxe4 31.Nxd6 Qe7 32.Nxb7 Nxd5 33.e4 R5f7 34.exd5 Qxb7 35.Re6 Rg7
36.Qc2 Qf7 37.h4 Qf3 38.Rxg6 {#r} 1-0

[Event "Ch Sweden (team) 1999/00"]
[Site "masterchessopen.com - Sweden"]
[Round "4"]
[White "Olausson Claes Goran (SWE)"]
[Black "Hall Jesper (SWE)"]
[Result "1-0"]
[WhiteElo "2243"]
[BlackElo "2476"]

1.d4 Nf6 2.Nf3 e6 3.c4 c5 4.d5 exd5 5.cxd5 d6 6.Nc3 g6 7.g3 Bg7 8.Bg2 O-O
9.Nd2 a6 10.a4 Nbd7 11.Nc4 Qe7 12.a5 Rb8 13.O-O Ne5 14.Nxe5 Qxe5 15.e4 b5
16.axb6 Rxb6 17.Qc2 Ne8 18.Bd2 f5 19.Bf4 Qf6 20.Qd2 fxe4 21.Bxe4 Nc7 22.Bg2
Nb5 23.Na4 Rb7 24.Rfe1 Nd4 25.Ra3 h6 26.Nc3 Nb5 27.Rxa6 g5 28.Ne4 Qxb2 29.Qxb2
Bxb2 30.Bxd6 Nxd6 31.Nxd6 Re7 32.Rxe7 Bxa6 33.Be4 Bd4 34.Nf5 Rf6 35.d6 {#r}
1-0

[Event "Ch Georgia (w)"]
[Site "masterchessopen.com - Tbilisi (Georgia)"]
[Round "0"]
[White "Batsashvili Maia (GEO)"]
[Black "Gvetadze Sopio (GEO)"]
[Result "0-1"]
[WhiteElo "2032"]
[BlackElo "2193"]

1.d4 Nf6 2.c4 c5 3.d5 e6 4.Nc3 exd5 5.cxd5 d6 6.Nf3 g6 7.g3 Bg7 8.Bg2 O-O
9.O-O Na6 10.Bf4 Nc7 11.a4 a6 12.Qd3 Rb8 13.Rab1 b5 14.axb5 Nxb5 15.e4 Nh5
16.Bg5 f6 17.Be3 f5 18.Bg5 Qc7 19.Nd2 Nd4 20.Be3 f4 21.Bxd4 Bxd4 22.Nf3 Bf6
23.Nd2 a5 24.Qe2 Qa7 25.Rfe1 Ba6 26.Qg4 fxg3 27.fxg3 Bd3 28.Rbc1 Rxb2 29.Nf3
Ng7 30.Kh1 c4 31.e5 h5 32.Qd4 Qxd4 33.Nxd4 Bxe5 34.Nc6 Bxc3 35.Rxc3 Rff2
36.Rg1 Rxg2 {#R} 0-1

[Event "It (open)"]
[Site "masterchessopen.com - Villa Ballester (Argentina)"]
[Round "3"]
[White "Scarella Enrique (ARG)"]
[Black "Caramia Javier (ARG)"]
[Result "1-0"]
[WhiteElo "2343"]
[BlackElo "2200"]

1.d4 Nf6 2.c4 e6 3.g3 c5 4.d5 exd5 5.cxd5 d6 6.Nc3 g6 7.Bg2 Bg7 8.Nf3 O-O
9.O-O Na6 10.Nd2 Nc7 11.Nc4 Nfe8 12.a4 b6 13.Qb3 Ba6 14.Bd2 Qd7 15.Rfe1 Bxc4
16.Qxc4 a6 17.Ra3 b5 18.axb5 axb5 19.Nxb5 Rxa3 20.Nxa3 Bxb2 21.Qb3 Bxa3
22.Qxa3 f5 23.Rb1 Qc8 24.Rb6 Qa8 25.Qb2 Qa4 26.Bf3 Qc4 27.Bh6 Rf7 28.Rb8 Qa4
29.h4 Qd7 30.Qb6 Qe7 31.Qxc7 {#r} 1-0

[Event "It (open)"]
[Site "masterchessopen.com - Voronezh (Russia)"]
[Round "8"]
[White "Kachar Vladimir (RUS)"]
[Black "Lukovnikov Alexander (RUS)"]
[Result "0-1"]
[WhiteElo "2416"]
[BlackElo "2337"]

1.d4 Nf6 2.c4 c5 3.d5 e6 4.Nc3 exd5 5.cxd5 d6 6.Nf3 g6 7.g3 Bg7 8.Bg2 O-O
9.O-O a6 10.a4 Re8 11.h3 Nbd7 12.Bf4 Nh5 13.Bg5 Qc7 14.Bd2 Rb8 15.Rc1 Qd8
16.Rb1 Ne5 17.Nxe5 Bxe5 18.b4 Bf5 19.Rb3 cxb4 20.Rxb4 Qc8 21.Qb3 Bxh3 22.Ne4
Bg4 23.Bf3 Bxf3 24.exf3 Nf6 25.Nxf6+ Bxf6 26.Kg2 h5 27.Rb1 Qf5 28.Bf4 Rbc8
29.Bxd6 Rc3 30.Qd1 Rd3 {#R} 0-1

[Event "It (open)"]
[Site "masterchessopen.com - Zurich (Switzerland)"]
[Round "1"]
[White "Mikhalevski Victor (ISR)"]
[Black "Bojic Zoran (SUI)"]
[Result "1-0"]
[WhiteElo "2516"]
[BlackElo "2117"]

1.d4 Nf6 2.c4 e6 3.g3 c5 4.d5 exd5 5.cxd5 d6 6.Bg2 g6 7.Nc3 Bg7 8.Nf3 O-O
9.O-O a6 10.a4 Qe7 11.Nd2 Nbd7 12.Nc4 Rb8 13.a5 b5 14.axb6 Nxb6 15.Nxd6 Bg4
16.h3 Bd7 17.Nb7 Bc8 18.Na5 Bd7 19.Bf4 Rbe8 20.Qb3 Nc8 21.Nb7 Nh5 22.d6 Qf6
23.Nxc5 Be6 24.Nxe6 Rxe6 25.Nd5 Qd8 26.Be3 Qxd6 27.Rfd1 Qe5 28.g4 Ng3 29.fxg3
Qxg3 30.Rd3 Rfe8 31.Bh6 Bd4+ 32.Kh1 Qh4 33.Rxd4 Qxh6 34.Rf1 Qh4 35.Nc7 Rf6
36.Nxe8 {#r} 1-0

[Event "Ch Belgium (A-class)"]
[Site "masterchessopen.com - Belgium"]
[Round "8"]
[White "Lacrosse Marc (BEL)"]
[Black "Van Mechelen Jan (BEL)"]
[Result "0-1"]
[WhiteElo "2298"]
[BlackElo "2223"]

1.d4 Nf6 2.c4 e6 3.Nf3 c5 4.d5 exd5 5.cxd5 d6 6.Nc3 g6 7.g3 Bg7 8.Bg2 O-O
9.O-O Na6 10.h3 Bd7 11.Bf4 Qb6 12.Qc1 c4 13.Rd1 Nc5 14.Nd2 Qa6 15.b4 Na4 16.b5
Qa5 17.Nxa4 Qxa4 18.Qxc4 Bxb5 19.Qxa4 Bxa4 20.Rdc1 Nh5 21.Bxd6 Rfe8 22.Rab1
Rxe2 23.Nb3 b6 24.Bc7 Rxa2 25.d6 Re8 26.Bf3 Bd7 27.Re1 Rb2 28.Rxe8+ Bxe8
29.Re1 Bb5 30.Re3 Bd7 31.Kg2 Nf6 32.Nd4 Ng4 33.hxg4 Bxd4 34.Re7 Rxf2+ 35.Kh1
Bb5 36.d7 Rxf3 37.Re8+ {#R} 0-1

[Event "It (b)"]
[Site "masterchessopen.com - Budapest (Hungary)"]
[Round "5"]
[White "Driamin Dmitry (RUS)"]
[Black "Cooke Eric (USA)"]
[Result "0-1"]
[WhiteElo "2289"]
[BlackElo "2275"]

1.d4 Nf6 2.c4 e6 3.Nc3 c5 4.d5 exd5 5.cxd5 d6 6.g3 g6 7.Bg2 Bg7 8.Nf3 O-O
9.O-O a6 10.a4 Re8 11.h3 Nbd7 12.Bf4 Qe7 13.e4 Rb8 14.Re1 Nh5 15.Bg5 Bf6
16.Be3 Ne5 17.g4 Nxf3+ 18.Qxf3 Ng7 19.e5 Bxe5 20.Bf4 Bd7 21.Ne4 f5 22.Nxc5
fxg4 23.hxg4 Rf8 24.Qe3 Bxg4 25.Bxe5 dxe5 26.Rac1 Rbe8 27.Qb3 Kh8 28.Ne4 Nf5
29.d6 Nxd6 30.Nxd6 Qxd6 31.Qxb7 Re7 32.Qd5 Qf6 33.Rc2 Qg5 34.Re3 h5 35.Rc5 Qf4
36.Rc2 {#R} 0-1